000 00518nam a22001937a 4500
005 20251108172537.0
008 250721s1997 xx 000 0 ara d
082 1 4 _a216.51/ليل
100 1 _aأبو ليلى، فرح محمود
245 1 0 _aالزواج وبناء الأسرة /
250 _aط 3.
264 1 _aعمان :
_c1997.
300 _a269 ص.
650 1 7 _aالفقه الإسلامي
650 1 7 _aالأسرة
650 1 7 _aالحق في الزواج
942 _2ddc
_cBK
999 _c82106
_d82106